Loading...
| Current Events | 3 | 16.67 | 67% | 67% | 33% |
| Fine Arts - Classical Music | 6 | 13.33 | 100% | 17% | 17% |
| Fine Arts - Other Fine Arts | 6 | 21.67 | 100% | 83% | 33% |
| Geography | 2 | 15.00 | 100% | 50% | 0% |
| History - American History | 8 | 17.50 | 88% | 63% | 25% |
| History - European History | 5 | 18.00 | 100% | 60% | 20% |
| History - Other History | 8 | 21.25 | 88% | 75% | 50% |
| History - World History | 5 | 22.00 | 100% | 60% | 60% |
| Literature - American Literature | 7 | 14.29 | 86% | 57% | 0% |
| Literature - British Literature | 5 | 20.00 | 100% | 80% | 20% |
| Literature - European Literature | 8 | 21.25 | 100% | 75% | 38% |
| Literature - World Literature | 5 | 16.00 | 100% | 60% | 0% |
| Mythology | 5 | 22.00 | 100% | 80% | 40% |
| Painting/Sculpture | 7 | 17.14 | 100% | 43% | 29% |
| Philosophy | 6 | 18.33 | 100% | 67% | 17% |
| Pop Culture | 3 | 16.67 | 100% | 67% | 0% |
| Popular Culture | 1 | 20.00 | 100% | 100% | 0% |
| Religion | 5 | 20.00 | 80% | 100% | 20% |
| Science - Biology | 7 | 24.29 | 100% | 86% | 57% |
| Science - Chemistry | 8 | 13.75 | 100% | 25% | 13% |
| Science - Other Science | 6 | 10.00 | 83% | 17% | 0% |
| Science - Physics | 6 | 13.33 | 100% | 33% | 0% |
| Social Science | 5 | 16.00 | 80% | 60% | 20% |